Czech First League 2025/26 First XI - Statistics

General Stats
  • This quiz has been taken 20 times
  • The average score is 48 of 176
Answer Stats
Club Position Nationality Player % Correct
Slavia Prague GK Jindřich Staněk
69%
Sparta Prague FW Lukáš Haraslín
69%
Viktoria Plzeň GK Martin Jedlička
69%
Viktoria Plzeň CB Sampson Dweh Jr.
69%
Baník Ostrava AM Matej Sin
63%
Viktoria Plzeň AM Matěj Vydra
63%
Sparta Prague CM Patrik Vydra
63%
Slavia Prague CB Tomáš Holeš
63%
Viktoria Plzeň DM Amar Memić
56%
Slavia Prague CM Christos Zafeiris
56%
Slavia Prague RM David Doudera
56%
Sparta Prague FW Jan Kuchta
56%
Sparta Prague CM Kaan Kairinen
56%
Slavia Prague FW Lukáš Provod
56%
Slavia Prague FW Mojmir Chytil
56%
Baník Ostrava GK Dominik Holec
50%
Baník Ostrava FW Erik Prekop
50%
Baník Ostrava AM Ewerton Paixao da Silva
50%
Jablonec AM Jan Chramosta
50%
Viktoria Plzeň DM Lukáš Červ
50%
Slavia Prague CM Oscar Dorley
50%
Viktoria Plzeň CB Svetozar Marković
50%
Viktoria Plzeň CB Václav Jemelka
50%
Sparta Prague CB Elias Cobbaut
44%
Sparta Prague CB Emannuel Uchenna
44%
Sparta Prague FW Ermal Krasniqi
44%
Sparta Prague CB Filip Panák
44%
Slavia Prague CB Jan Bořil
44%
Sparta Prague LM Jaroslav Zelený
44%
Jablonec FW Lamin Jawo
44%
Baník Ostrava DM Tomas Rigo
44%
Slavia Prague FW Vasil Kušej
44%
Hradec Králové CM Vladimír Darida
44%
Mladá Boleslav GK Aleš Mandous
38%
Jablonec CB Filip Novák
38%
Viktoria Plzeň DM Karel Spáčil
38%
Dukla Prague FW Kevin-Prince Milla
38%
Fastav Zlín FW Michal Cupák
38%
Hradec Králové FW Mick van Buren
38%
Jablonec CB Nemanja Tekijaški
38%
Slavia Prague CB Ogbu Igoh
38%
Slavia Prague LM Ondřej Zmrzlý
38%
Viktoria Plzeň AM Pavel Šulc
38%
Slovan Liberec FW Raimonds Krollis
38%
Viktoria Plzeň DM Tomáš Ladra
38%
FK Pardubice FW Abdoullahi Tanko
31%
Hradec Králové GK Adam Zadražil
31%
Karviná DM Albert Labík
31%
Sigma Olomouc FW Daniel Vašulín
31%
Karviná CB David Krcik
31%
Jablonec GK Jan Hanuš
31%
Karviná LB Jiří Fleišman
31%
Sigma Olomouc LB Jiří Sláma
31%
Fastav Zlín CM Joss Didiba
31%
Baník Ostrava CB Karel Pojezný
31%
Slovácko AM Marek Havlík
31%
Jablonec DM Martin Cedidla
31%
Baník Ostrava CB Matěj Chaluš
31%
Mladá Boleslav FW Matyas Vojta
31%
Baník Ostrava LB Patrick Kpozo
31%
Sparta Prague GK Peter Vindahl Jensen
31%
Dukla Prague RM Samuel Kelechi Isife
31%
Jablonec AM Sebastian Nebyla
31%
Dukla Prague FW Štěpán Šebrle
31%
Slovan Liberec GK Tomáš Koubek
31%
Bohemians 1905 FW Abdulla Yusuf Helal
25%
Karviná CB Aboubacar Traoré
25%
Hradec Králové FW Adam Vlkanova
25%
Bohemians 1905 AM Aleš Čermák
25%
Jablonec AM Alexis Alegue
25%
Sigma Olomouc AM Artūr Dolžnikov
25%
Baník Ostrava RB David Buchta
25%
Mladá Boleslav DM David Pech
25%
Karviná AM Ebrima Singhateh
25%
Slovácko CB Filip Vaško
25%
Karviná FW Filip Vecheta
25%
Slovácko RB Gigli Ndefe
25%
Karviná GK Jakub Lapeš
25%
Sigma Olomouc CB Jan Král
25%
Baník Ostrava DM Jiri Boula
25%
Slovan Liberec AM Lukáš Masopust
25%
Dukla Prague FW Marcel Čermák
25%
Dukla Prague CB Marios Pourzitidis
25%
Teplice FW Matěj Pulkrab
25%
Teplice GK Matouš Trmal
25%
Jablonec DM Michal Beran
25%
Mladá Boleslav AM Michal Ševčík
25%
FK Pardubice CB Mikuláš Konečný
25%
Slovácko GK Milan Heča
25%
Slovácko RW Patrik Blahút
25%
Sparta Prague RM Pavel Kadeřábek
25%
Viktoria Plzeň FW Prince Adu Kwabena
25%
Mladá Boleslav DM Roman Macek
25%
Karviná AM Samuel Šigut
25%
Mladá Boleslav AM Solomon John
25%
Hradec Králové CB Tomáš Petrášek
25%
Fastav Zlín FW Tomáš Poznar
25%
Jablonec RB Vakhtang Chanturishvili
25%
Slovácko DM Vlastimil Daníček
25%
Dukla Prague LM Zlatan Šehović
25%
Bohemians 1905 RB Adam Kadlec
19%
Hradec Králové CM Alexandr Sojka
19%
Slovácko CB Andrej Stojchevski
19%
Teplice CM Daniel Trubač
19%
FK Pardubice CB David Šimek
19%
Teplice CB Denis Halinský
19%
Karviná AM Denny Samko
19%
Sigma Olomouc AM Dominik Janošek
19%
Mladá Boleslav RB Dominik Kostka
19%
FK Pardubice DM Dominik Mašek
19%
Slovan Liberec CB Dominik Plechaty
19%
Mladá Boleslav CB Filip Prebsl
19%
Sigma Olomouc GK Jan Koutny
19%
Dukla Prague CM Jan Peterka
19%
FK Pardubice GK Jan Stejskal
19%
Bohemians 1905 CB Jan Vondra
19%
Karviná RB Kristián Vallo
19%
FK Pardubice CB Louis Lurvink
19%
Fastav Zlín LB Lukáš Bartošák
19%
Bohemians 1905 CB Lukáš Hůlka
19%
Slovácko FW Marko Kvasina
19%
Mladá Boleslav CB Martin Králik
19%
Slovan Liberec DM Michal Hlavatý
19%
Bohemians 1905 GK Michal Reichl
19%
Slovácko AM Michal Trávník
19%
Slovácko LW Milan Petržela
19%
Slovan Liberec AM Petr Julis
19%
Slovácko LB Petr Reinberk
19%
Dukla Prague GK Rihards Matrevics
19%
Teplice CM Robert Jukl
19%
Karviná DM Sebastian Boháč
19%
Fastav Zlín GK Stanislav Dostál
19%
Hradec Králové RM Štěpán Harazim
19%
Sigma Olomouc DM Štěpán Langer
19%
FK Pardubice DM Štěpán Míšek
19%
Fastav Zlín RM Zviad Natchkebia
19%
Fastav Zlín CB Antonín Křapka
13%
Bohemians 1905 DM Benson Sakala
13%
Teplice RB Daniel Danihel
13%
Hradec Králové LM Daniel Horák
13%
Mladá Boleslav LB Daniel Mareček
13%
Jablonec LB Daniel Souček
13%
Hradec Králové CB Filip Čihák
13%
Mladá Boleslav AM Filip Lehky
13%
Fastav Zlín CB Jakub Černín
13%
Hradec Králové CB Jakub Uhrinčať
13%
Fastav Zlín LM Jan Kalabiška
13%
Sigma Olomouc AM Jan Navrátil
13%
FK Pardubice DM Jan Trédl
13%
Dukla Prague CB Jaroslav Svozil
13%
Slovan Liberec RB Josef Koželuh
13%
FK Pardubice DM Kamil Vacek
13%
Teplice FW Ladislav Krejčí
13%
FK Pardubice AM Laurent Kissiedou
13%
Sigma Olomouc RB Matěj Hadaš
13%
Fastav Zlín RB Michal Fukala
13%
Baník Ostrava AM Michal Kohút
13%
Bohemians 1905 DM Nelson Okeke
13%
Slovan Liberec LB Petr Hodouš
13%
Sigma Olomouc DM Radim Breite
13%
Teplice CM Richard Sedláček
13%
Slovan Liberec CB Šimon Gabriel
13%
Sigma Olomouc CB Tomáš Huk
13%
Bohemians 1905 AM Václav Drchal
13%
Hradec Králové FW Václav Pilař
13%
Bohemians 1905 LB Vlasiy Sinyavskiy
13%
Slovan Liberec DM Vojtech Stransky
13%
FK Pardubice AM Vojtěch Sychra
13%
Fastav Zlín CM Cletus Nombil Daho
6%
Teplice CB Dalibor Večerka
6%
Dukla Prague CB Dominik Hasek
6%
Slovan Liberec AM Ghali Ahmad
6%
Teplice CB Laco Takács
6%
Teplice LB Matěj Radosta
6%
Dukla Prague CM Samson Tijani
6%
Bohemians 1905 AM Vladimír Zeman
6%
No matching quizzes found
Score Distribution
Percent of People with Each Score
Percentile by Number Answered
Your Score History
You have not taken this quiz